R.A. Emmons: The psychology of ultimate concerns. Motivation and spirituality in personality

Bibliographic Details
Main Author: Halama, Peter, 1975- (Author)
Format: Article
Language:Slovak
ISSN:0009-062X
Subjects:

MARC

LEADER 00000nab a2200000 a 4500
001 vtls000760524
003 SK-MaSNL
005 20260303182216.0
008 160405c2000 xo 0 slo
015 |a SNBRB2001/06-19498 
035 |a CLN000112311 
040 |a SNKBUCL  |b slo  |c SNKBUCL  |e AACR2 
041 0 |a slo 
044 |a xo  |c SK 
080 |a 159.923:241.13(048)  |2 1997 
100 1 |a Halama, Peter,  |d 1975-  |4 aut  |9 227688 
245 1 0 |a R.A. Emmons: The psychology of ultimate concerns. Motivation and spirituality in personality  |c P. Halama 
650 0 7 |a osobnosť  |x motivácia  |x spiritualita  |x prehľady knižné  |x recenzie  |2 snkbucl  |9 1209662 
650 0 7 |a prehľady knižné  |2 snkbucl  |9 839445 
650 0 7 |a náboženstvo  |2 snkbucl  |9 2023 
650 0 7 |a osobnosť  |2 snkbucl  |9 4341 
650 0 7 |a psychológia  |2 snkbucl  |9 807 
655 7 |a články z novín a časopisov  |2 snkbucl  |9 267496 
773 0 |x 0009-062X  |t Československá psychologie  |g Roč. 44, č. 6 (2000), s. 570-571 
787 0 8 |i Rec.:  |a Emmons, Robert A.  |t Psychology of ultimate concerns  |d London : The Guilford Press, 1999 
850 |a Slovenská národná knižnica v Martine 
852 |a SNK  |b KIS3GCP 
958 |a MI 
958 |a RC 
958 |a RBX 
999 |c 2116136  |d 2118066